[Event "Summer Cup"]
[Site "Wellington Chess Club"]
[Date "2017.03.17"]
[Round "7"]
[White "He, Paul"]
[Black "Theodosiou, Andreas"]
[Result "0-1"]
[WhiteElo "957"]
[BlackElo "1392"]

1. e4 e5 2. Nf3 Nc6 3. Bc4 Nf6 4. Nc3 Bb4 5. d3 d5 6. exd5 Nxd5 7. Bxd5 Qxd5 8.
Bd2 Qa5 9. a3 Bd6 10. O-O Bg4 11. Qe2 Qb6 12. h3 Nd4 13. Qe3 Bxf3 14. gxf3
O-O-O 15. Na4 Qc6 16. Qe4 f5 17. Qxc6 Nxc6 18. Nc3 Bc5 19. f4 e4 20. Be3 Bxe3
21. fxe3 exd3 22. Rfd1 dxc2 23. Rxd8+ Rxd8 24. Rc1 Rd2 25. Kf1 Na5 26. Re1 Rh2
27. Na2 Rxh3 28. Re2 Rh1+ 29. Kf2 c1=Q 30. Nxc1 Rxc1 31. Kf3 Nc4 32. Rg2 g6 33.
Rh2 h5 34. Rg2 b5 35. Rxg6 Nd2+ 36. Ke2 Nc4 37. Rg5 Rc2+ 38. Kd3 Rxb2 39. Rxf5
Rb3+ 40. Ke2 Rxe3+ 41. Kf2 h4 42. Rxb5 Rxa3 43. Rh5 h3 44. f5 Ne5 45. f6 Ng4+
46. Kg1 Nxf6 47. Kh2 Nxh5 0-1

[Event "Summer Cup"]
[Site "Wellington Chess Club"]
[Date "2017.03.23"]
[Round "8"]
[White "Aldridge, Alan"]
[Black "Wevers, Alexis"]
[Result "1-0"]
[WhiteElo "1956"]
[BlackElo "1649"]

1. d4 Nf6 2. c4 g6 3. Nc3 d5 4. cxd5 Nxd5 5. Nf3 Nxc3 6. bxc3 Bg7 7. e3 c5 8.
Be2 Nc6 9. O-O O-O 10. Ba3 cxd4 11. cxd4 Be6 12. Qd2 Bd5 13. Rfe1 Qd7 14. Rac1
Rfd8 15. Bd1 Bxf3 16. Bxf3 e5 17. d5 Ne7 18. e4 f5 19. d6 Nc6 20. exf5 gxf5 21.
Bd5+ Kh8 22. Qg5 Rac8 23. h4 Rf8 24. h5 h6 25. Bxc6 bxc6 26. Qe7 Qxe7 27. dxe7
Rfe8 28. Red1 Bf6 29. Rd7 a6 30. Bd6 Kg7 31. Ra7 Kf7 32. Rxa6 Bxe7 33. Bxe7
Rxe7 34. Rcxc6 Rxc6 35. Rxc6 Kg7 36. Ra6 e4 37. a4 f4 38. Rg6+ Kh7 39. Rf6 e3
40. fxe3 fxe3 41. Kf1 Ra7 42. Rf4 Ra5 43. g4 Re5 44. Ke2 Kg7 45. Rf5 Re4 46. a5
Rxg4 47. Kxe3 Ra4 48. Kd3 Kg8 49. Kc3 Kg7 50. Kb3 Ra1 51. Kb4 Ra2 52. Kb5 Ra1
53. Kb6 Rb1+ 54. Ka7 Rb2 55. a6 Rb1 56. Ka8 Rb2 57. Rc5 Kf6 58. a7 Ke7 59. Rc7+
Kd8 60. Rb7 1-0

[Event "Summer Cup"]
[Site "Wellington Chess Club"]
[Date "2017.03.23"]
[Round "8"]
[White "Brockway, Andrew"]
[Black "Rossiter, Philip"]
[Result "1/2-1/2"]
[WhiteElo "1877"]
[BlackElo "1945"]

1. e4 c5 2. Nc3 e6 3. f4 Nc6 4. Bb5 Nd4 5. Bc4 g6 6. Nf3 Bg7 7. O-O Ne7 8. d3
O-O 9. Kh1 d5 10. Bb3 Nxb3 11. axb3 d4 12. Ne2 Bd7 13. Qe1 Bc6 14. Ne5 a6 15.
Qg3 f5 16. Nxc6 Nxc6 17. Bd2 Qd7 18. e5 a5 19. Ng1 { (=) } 19... Nb4 20. Bxb4
cxb4 21. Nf3 b5 22. Qf2 Rfd8 23. Ra2 Bf8 24. Rfa1 a4 25. bxa4 Rxa4 26. Rxa4
bxa4 27. b3 a3 28. Ra2 Qd5 29. h3 { (=) } 29... Bh6 30. Qh4 Kg7 31. Qe7+ Kg8
32. Qh4 (32. Qxb4 Bxf4 33. Rxa3 Bxe5) 32... Kg7 33. Qe7+ Kg8 34. Qh4 { Draw
Agreed } 1/2-1/2

[Event "Summer Cup"]
[Site "Wellington Chess Club"]
[Date "2017.03.23"]
[Round "8"]
[White "He, Paul"]
[Black "Kibblewhite, Daniel"]
[Result "1-0"]
[WhiteElo "957"]
[BlackElo "1550"]

1. e4 e6 2. d4 d5 3. e5 c5 4. c3 Nc6 5. Bb5 Bd7 6. Nd2 Qb6 7. Bxc6 Bxc6 8. Ngf3
Bb5 9. b3 cxd4 10. cxd4 Nh6 11. a4 Bd3 12. Nb1 Be4 13. Bxh6 gxh6 14. O-O Rc8
15. Nbd2 Bg6 16. Rc1 Rc6 17. Rxc6 Qxc6 18. Qc1 Bb4 19. Qxc6+ bxc6 20. Rc1 Kd7
21. Kf1 Bd3+ 22. Ke1 Rb8 23. Kd1 Bxd2 24. Nxd2 Rb4 25. Rc3 Be4 26. Nxe4 Rxd4+
27. Nd2 Rf4 28. Rh3 Rxf2 29. Rxh6 Rxg2 30. Rxh7 Ke7 31. Rh8 Rg5 32. Ra8 Rxe5
33. Rxa7+ Kf6 34. a5 Rh5 35. a6 Rxh2 36. Rc7 Rh1+ 37. Kc2 Ra1 38. Rxc6 Kg5 39.
b4 e5 40. b5 Ra5 41. Rc3 Rxb5 42. Ra3 Rb8 43. a7 Ra8 44. Nb3 e4 45. Nc5 d4 46.
Nd7 d3+ 47. Kd2 Rc8 48. a8=Q Rc2+ 49. Ke3 Re2+ 50. Kd4 d2 51. Ra1 Re1 52. Qa5+
Kg4 53. Qxd2 1-0

[Event "Summer Cup"]
[Site "Wellington Chess Club"]
[Date "2017.03.23"]
[Round "8"]
[White "Jackson, Ross"]
[Black "Dive, Russell"]
[Result "0-1"]
[WhiteElo "2049"]
[BlackElo "2440"]

1. e4 Nf6 2. Nc3 d5 3. exd5 Nxd5 4. Nxd5 Qxd5 5. Nf3 Bg4 6. Be2 Nc6 7. O-O
O-O-O 8. d3 e5 9. Be3 f5 10. h3 Bh5 11. a3 f4 12. Bc1 Rg8 13. Ne1 Bxe2 14. Qxe2
Nd4 15. Qg4+ Kb8 16. Bd2 g5 17. Bc3 Qf7 18. Bxd4 exd4 19. Qd1 h5 20. Nf3 g4 21.
hxg4 hxg4 22. Ne5 Qh5 23. Re1 Bd6 24. Nc4 f3 0-1

[Event "Summer Cup"]
[Site "Wellington Chess Club"]
[Date "2017.03.23"]
[Round "8"]
[White "Ker, Anthony"]
[Black "Sellen, Ian"]
[Result "1-0"]
[WhiteElo "2461"]
[BlackElo "2398"]

1. e4 c5 2. c3 d5 3. exd5 Qxd5 4. d4 Nf6 5. Nf3 e6 6. Be3 Be7 7. dxc5 Qxd1+ 8.
Kxd1 O-O 9. Nbd2 Nbd7 10. b4 Ng4 11. Kc2 Nxe3+ 12. fxe3 Rd8 13. Nc4 Nf6 14. Nd4
Bd7 15. Kb3 Ne4 16. Be2 Bc6 17. Nxc6 bxc6 18. Bf3 f5 19. Rhd1 Rd5 20. Rd4 Nxc5+
21. bxc5 Rxc5 22. Be2 Rb8+ 23. Kc2 Bf6 24. Rd7 a5 25. Ra7 Rbb5 26. a4 1-0

[Event "Summer Cup"]
[Site "Wellington Chess Club"]
[Date "2017.03.23"]
[Round "8"]
[White "Konakanchi, Karthik"]
[Black "Theodosiou, Andreas"]
[Result "1/2-1/2"]
[WhiteElo "1484"]
[BlackElo "1392"]

1. Nf3 c5 2. e4 Nc6 3. c3 e5 4. Bb5 Nge7 5. O-O a6 6. Bxc6 Nxc6 7. d3 Be7 8. d4
d6 9. d5 Na5 10. c4 O-O 11. Qa4 f5 12. Nbd2 Bd7 13. Qc2 fxe4 14. Nxe4 Bf5 15.
a3 b5 16. cxb5 axb5 17. Bd2 Nc4 18. Rfe1 Nb6 19. Qb3 Bg4 20. Nfg5 Bxg5 21. Nxg5
Qf6 22. f3 Bd7 23. Qd3 Qf5 1/2-1/2

[Event "Summer Cup"]
[Site "Wellington Chess Club"]
[Date "2017.03.23"]
[Round "8"]
[White "Meravanage, Satwik"]
[Black "Del Favero, Marcus"]
[Result "0-1"]
[WhiteElo "1524"]
[BlackElo "1000"]

1. e4 c6 2. d4 d5 3. Nc3 dxe4 4. Nxe4 Nf6 5. Nxf6+ exf6 6. Be3 Bd6 7. c4 O-O 8.
Bd3 Re8 9. Qh5 h6 10. Ne2 Bd7 11. O-O Na6 12. a3 Qc7 13. Nc3 Rad8 14. Ne4 Be7
15. f4 f5 16. Ng3 g6 17. Qxh6 Bf8 18. Qg5 Rxe3 19. Rf3 Rxf3 20. gxf3 Re8 21.
Kf2 Be7 22. Qh6 Qb6 23. Nh5 Qxd4+ 24. Kg2 Qxb2+ 25. Kg3 Qxa1 0-1

[Event "Summer Cup"]
[Site "Wellington Chess Club"]
[Date "2017.03.23"]
[Round "8"]
[White "Proctor, Matthew"]
[Black "Thorpe, Richard"]
[Result "0-1"]
[WhiteElo "1392"]
[BlackElo "1630"]

1. e4 e5 2. Nf3 Nc6 3. Bc4 Nf6 4. Ng5 d5 5. exd5 Na5 6. d3 h6 7. Bb5+ c6 8.
dxc6 bxc6 9. Qf3 hxg5 10. Bxg5 Qd5 11. Qxd5 Nxd5 12. Bd2 cxb5 13. Bxa5 Bb4+ 14.
Bxb4 Nxb4 15. Na3 a6 16. Kd2 Bf5 17. Rae1 f6 18. f4 Nc6 19. fxe5 fxe5 20. d4 e4
21. g4 Bg6 22. c3 Ne7 23. h4 Nd5 24. h5 e3+ 25. Kc1 Be4 26. Rh4 Bd3 27. b3 e2
28. Rhh1 Nf4 29. Kd2 Kd7 30. Rhg1 Rhe8 31. Rg3 Be4 32. c4 bxc4 33. bxc4 Bc6 34.
Re3 Rxe3 35. Kxe3 Ng2+ 36. Kxe2 Re8+ 37. Kf2 Nxe1 0-1

[Event "Summer Cup"]
[Site "Wellington Chess Club"]
[Date "2017.03.23"]
[Round "8"]
[White "Rabina, Romeo"]
[Black "Tagos, Bernardo"]
[Result "1-0"]
[WhiteElo "1600"]
[BlackElo "1433"]

1. b3 c5 2. Bb2 Nc6 3. e3 e5 4. Bb5 d6 5. Nf3 Bg4 6. h3 Bh5 7. g4 Bg6 8. d3 Nf6
9. Nh4 Be7 10. Qf3 Qc7 11. Nf5 O-O-O 12. Bxc6 bxc6 13. Nxe7+ Qxe7 14. Qxc6+ Qc7
15. Qxc7+ Kxc7 16. e4 h5 17. g5 Nd7 18. h4 a5 19. Nd2 Nb6 20. f4 f6 21. Rg1
Rhg8 22. Nf3 d5 23. exd5 Nxd5 24. gxf6 Nxf4 25. Bxe5+ Kc6 26. Bxf4 Rde8+ 27.
Kd2 gxf6 28. Rae1 Ref8 29. Re6+ Kd7 30. Rge1 Bf5 31. Rd6+ Kc8 32. Rc6+ Kb7 33.
Rxc5 Bh7 34. Re7+ 1-0

[Event "Summer Cup"]
[Site "Wellington Chess Club"]
[Date "2017.03.23"]
[Round "8"]
[White "Sole, Michael"]
[Black "Rose, Nathan"]
[Result "1-0"]
[WhiteElo "1586"]
[BlackElo "1406"]

1. e4 e5 2. Nf3 Nc6 3. Bb5 f5 4. d3 fxe4 5. dxe4 Nf6 6. O-O Nxe4 7. Re1 d5 8.
Nxe5 Qf6 9. Nf3 Be6 10. c3 a6 11. Bxc6+ bxc6 12. Qa4 Bg4 13. Nbd2 Be7 14. Nxe4
dxe4 15. Qxe4 Bxf3 16. Qxf3 O-O 17. Qxf6 Bxf6 18. g3 Rfe8 19. Bf4 Red8 20. Kf1
Rd7 21. Rad1 Rf7 22. Re6 Rb8 23. Bc1 Rb6 24. Re8+ Rf8 25. Rxf8+ Kxf8 26. Re1
Kf7 27. Re2 a5 28. Bf4 Rb7 29. Ke1 g5 30. Be3 a4 31. a3 h6 32. Kd1 Kg6 33. g4
Rb8 34. Kc2 h5 35. h3 Re8 36. Rd2 Re7 37. Bd4 Rf7 38. Be3 h4 39. b3 axb3+ 40.
Kxb3 Be7 41. Rd7 Bd6 42. Rxf7 Kxf7 43. Bxg5 1-0

[Event "Summer Cup"]
[Site "Wellington Chess Club"]
[Date "2017.03.23"]
[Round "8"]
[White "Timergazi, Layla"]
[Black "Day, Fabian"]
[Result "1/2-1/2"]
[WhiteElo "2117"]
[BlackElo "1608"]

1. d4 Nf6 2. c4 g6 3. Nc3 Bg7 4. e4 d6 5. h3 O-O 6. Bg5 c5 7. d5 e6 8. Bd3 exd5
9. exd5 Nbd7 10. Nf3 Re8+ 11. Be3 Bh6 12. Qd2 Qe7 13. Nb5 a6 14. Nc7 Bxe3 15.
fxe3 Qxe3+ 16. Qxe3 Rxe3+ 17. Kd2 Rxd3+ 18. Kxd3 Ra7 19. Rhe1 Kf8 20. Ne6+ fxe6
21. dxe6 Ne5+ 22. Nxe5 dxe5 23. Rxe5 b6 24. g4 Ke7 25. Kc3 Rc7 26. Rae1 Rc6 27.
a4 a5 28. b3 Rxe6 29. Rxe6+ Bxe6 30. Kd3 g5 31. Ke3 1/2-1/2

[Event "Summer Cup"]
[Site "Wellington Chess Club"]
[Date "2017.03.23"]
[Round "8"]
[White "Wilkins, Mark"]
[Black "Croad, Nicolas"]
[Result "0-1"]
[WhiteElo "1969"]
[BlackElo "2398"]

1. d4 e6 2. Nc3 Bb4 3. e4 d5 4. Qg4 Nf6 5. Qxg7 Rg8 6. Qh6 Rg6 7. Qh4 Rg4 8.
Qh6 Nxe4 9. a3 (9. f3 Rg6 (9... Nxc3 $2 10. fxg4 $16) 10. Qxh7 Nxc3 11. Qh8+
Ke7 12. Qxd8+ Kxd8 13. Bd2 $14) 9... Bf8 10. Qxh7 c5 11. f3 Rh4 12. Qg8 cxd4
13. Nxe4 dxe4 14. fxe4 Rxe4+ 15. Be2 Nc6 16. Bh6 $2 Qh4+ 17. g3 Qxh6 18. Nf3
Rxe2+ 0-1

[Event "Summer Cup"]
[Site "Wellington Chess Club"]
[Date "2017.03.23"]
[Round "8"]
[White "Winter, Ryan"]
[Black "Pomeroy, Arthur"]
[Result "0-1"]
[WhiteElo "1592"]
[BlackElo "2137"]

1. d4 Nf6 2. c4 g6 3. Nc3 Bg7 4. Nf3 O-O 5. Bg5 c5 6. d5 h6 7. Bh4 d6 8. h3 a6
9. a4 e6 10. e4 exd5 11. exd5 Bf5 12. Be2 Qb6 13. Qc1 g5 14. Bg3 Ne4 15. O-O
Nxc3 16. bxc3 Nd7 17. a5 Qc7 18. Qd2 Nf6 19. Rfc1 Ne4 20. Qb2 Rfe8 21. Bd1 Re7
22. Nd2 Nxg3 23. fxg3 Rae8 24. Bf3 Qd7 25. Rf1 g4 26. hxg4 Bxg4 27. Ne4 Rxe4
28. Bxe4 Rxe4 29. Rf4 Rxf4 30. gxf4 Qf5 31. Qxb7 Bxc3 32. Rb1 Bd4+ 0-1

[Event "Summer Cup"]
[Site "Wellington Chess Club"]
[Date "2017.03.23"]
[Round "8"]
[White "Zhao, Aiden"]
[Black "Konakanchi, Pramodh"]
[Result "1-0"]
[WhiteElo "1298"]
[BlackElo "1191"]

1. e4 e5 2. Nf3 Nc6 3. Bc4 Bc5 4. O-O h6 5. c3 Nf6 6. Re1 O-O 7. d4 exd4 8.
cxd4 Bb4 9. Bd2 Bxd2 10. Qxd2 d6 11. Nc3 Bg4 12. Be2 Qe7 13. h3 Bxf3 14. Bxf3
Rfe8 15. Nd5 Nxd5 16. exd5 Qf6 17. dxc6 Rxe1+ 18. Rxe1 bxc6 19. Bxc6 Rb8 20.
Re8+ Rxe8 21. Bxe8 Qe6 22. Qe3 Qxe3 23. fxe3 c5 24. dxc5 dxc5 25. Kf2 Kf8 26.
Bb5 Ke7 27. Kf3 f6 28. Kf4 g6 29. Bd3 g5+ 30. Kf5 Kf7 31. Bc4+ Kg7 32. e4 h5
33. e5 fxe5 34. Kxe5 Kg6 35. Bd3+ Kh6 36. Kf5 g4 37. hxg4 {The game went on.
White won Eventually} 1-0

[Event "Autumn Cup"]
[Site "Wellington Chess Club"]
[Date "2017.04.27"]
[Round "1.1.1"]
[White "Dive, Russell"]
[Black "Perry, Roger"]
[Result "1-0"]
[WhiteElo "2426"]
[BlackElo "2125"]

1. Nf3 c5 2. c4 Nc6 3. Nc3 e5 4. e3 Nf6 5. d4 cxd4 6. exd4 e4 7. Ng5 Bb4 8. d5
Bxc3+ 9. bxc3 Na5 10. Be2 O-O 11. O-O h6 12. Nh3 d6 13. Nf4 Re8 14. Be3 b6 15.
Bd4 Ba6 16. f3 e3 17. Re1 Bxc4 18. Bd3 Rc8 19. Bxe3 Nxd5 20. Nxd5 Bxd5 21. Bd4
Nc4 22. Qc2 Ne5 23. Bh7+ Kh8 24. Bf5 Rc7 25. Qf2 Be6 26. Bc2 Nc6 27. Ba4 Ree7
28. Bxc6 Rxc6 29. Qg3 Qf8 30. a4 Kg8 31. a5 b5 32. a6 f6 33. Re3 Bc4 34. Rxe7
Qxe7 35. Re1 Qf7 36. Qg4 Rc7 37. Qe4 d5 38. Qf5 b4 39. cxb4 Bxa6 40. Bc5 Bb5
41. Qf4 a5 42. Bd6 Rc4 43. Qf5 Bd7 44. Qd3 1-0

[Event "Autumn Cup"]
[Site "Wellington Chess Club"]
[Date "2017.04.27"]
[Round "1.1.2"]
[White "Ker, Anthony"]
[Black "Nijman, Brian"]
[Result "1-0"]
[WhiteElo "2474"]
[BlackElo "2153"]

1. e4 c5 2. c3 d5 3. exd5 Qxd5 4. d4 Nc6 5. Nf3 Bf5 6. Be3 O-O-O 7. Nbd2 cxd4
8. cxd4 Nf6 9. Bc4 Qd7 10. Rc1 Kb8 11. Bb5 Rc8 12. Bxc6 bxc6 13. O-O Qd5 14.
Rc5 Qxa2 1-0

[Event "Autumn Cup"]
[Site "Wellington Chess Club"]
[Date "2017.04.27"]
[Round "1.2.1"]
[White "Jackson, Ross"]
[Black "Sellen, Ian"]
[Result "0-1"]
[WhiteElo "2053"]
[BlackElo "2079"]

1. d4 d5 2. c4 e6 3. Nc3 Nf6 4. cxd5 exd5 5. Bg5 Be7 6. e3 O-O 7. Qc2 c6 8. Bd3
Nbd7 9. Nf3 Re8 10. O-O h6 11. Bh4 Ne4 12. Bxe7 Qxe7 13. b4 Ndf6 14. b5 c5 15.
dxc5 Nxc5 16. Be2 Bg4 17. Rfd1 Red8 18. Rac1 Rac8 19. Qb2 Nce4 20. Nd4 Nxc3 21.
Rxc3 Rxc3 22. Qxc3 Rc8 23. Qb2 Bxe2 24. Nxe2 Rc4 25. Nd4 Qc5 26. g3 Ne4 27. Kg2
Rb4 28. Qc1 Qxc1 29. Rxc1 Rb2 30. Rc2 Rxc2 31. Nxc2 Nc3 32. Nb4 Kf8 33. a3 Ke7
34. b6 axb6 35. Kf1 Kd6 36. Ke1 Nb5 37. Nc2 Kc5 38. Kd2 Nd6 39. Kd3 b5 40. f3
Nc4 41. f4 Nd6 42. Nd4 b4 43. a4 Nc4 44. Nb3+ Kd6 45. Kd4 Nb2 46. a5 Na4 47. g4
Nc3 48. h4 f6 49. g5 hxg5 50. fxg5 fxg5 51. hxg5 g6 52. Kd3 Ne4 53. Kd4 Nxg5
54. Nc5 Nf3+ 0-1

[Event "Autumn Cup"]
[Site "Wellington Chess Club"]
[Date "2017.04.27"]
[Round "1.2.2"]
[White "Forster, Bill"]
[Black "Stone, Andrew"]
[Result "1/2-1/2"]
[WhiteElo "2094"]
[BlackElo "2118"]

1. d4 Nf6 2. c4 g6 3. Nc3 d5 4. cxd5 Nxd5 5. e4 Nxc3 6. bxc3 Bg7 7. Nf3 c5 8.
Rb1 O-O 9. Be2 Qa5 10. Rb5 Qxc3+ 11. Bd2 Qa3 12. Rxc5 Nc6 13. Rc3 Qb2 14. Qa4
Bg4 15. Rc2 Qb6 16. d5 Bxf3 17. dxc6 Bxg2 18. Rg1 Qb1+ 19. Bc1 Bh6 20. cxb7
Rab8 21. Rxg2 Bxc1 22. Ba6 Rfd8 23. Rc8 Bh6+ 24. Ke2 Qb2+ 25. Qc2 Qb6 26. Qc4
Qb2+ 27. Qc2 Qb6 1/2-1/2

[Event "Autumn Cup"]
[Site "Wellington Chess Club"]
[Date "2017.04.27"]
[Round "1.2.3"]
[White "Nyberg, Michael"]
[Black "Pomeroy, Arthur"]
[Result "0-1"]
[WhiteElo "2032"]
[BlackElo "2075"]

{ A01: Nimzowitsch-Larsen Opening } 1. b3 e5 2. e3 {  Ok, MIchael goes even
more off-beat. Black decides to take the centre and see if this will be a
French reversed or Sicilian reversed.} 2... d5 3. Bb2 Bd6 4. Nf3 Nd7 5. c4 Ngf6
(5... c6 6. Qc2 $11 {  is another line.} ) 6. c5 (6. cxd5 $5 Nxd5 7. Bc4 $11)
6... Bxc5 7. Nxe5 Nxe5 8. Bxe5 Bd6 9. Bb2 Bf5 10. Qf3 Bg6 11. h4 h5 12. Nc3 (
12. Bxf6 Qxf6 13. Qxf6 gxf6 $11 {  is what I expected. Black's pawn structure
is broken, but he has the two bishops. This plan soon gets the B2 bishop boxed
in and the Queen on f3 is misplaced.} ) 12... c6 13. Rc1 O-O 14. Qd1 $2 (14.
Na4 {  is better, but if such moves are needed, something has gone wrong.} )
14... Qe7 ( {  Even better would have been } 14... d4 15. Ne2 (15. exd4 $4 Re8+
16. Ne2 Nd5 $19) 15... dxe3 16. dxe3 $19 (16. fxe3 $4 Ne4 $19) ) 15. d4 (15.
Nb1 {  is the computer's recommendation. Youch!} ) 15... Rfe8 16. Be2 $15 a5
17. Kf1 Qe6 18. Bf3 Qf5 19. Ne2 Ne4 20. Rh3 Qe6 21. Nc3 $4 (21. Bxe4 Bxe4 22.
Ng3 $17 {  is best, but not pleasant, since Black will have absolute control of
the White squares and the possiblitity of expanding on the Queenside as well as
the Kingside. Look at that Bishop on B2 completely blocked in and how White's
pieces are completedly uncoordinated. Now Black gets to do what he has been
looking at for some time.} ) 21... Bf5 22. Rh1 Nxf2 $1 {  The best White can do
is lose a rook. 23. Kf2 Qe3+ 24. Kf1 Bg3 is curtains.} 0-1

[Event "Autumn Cup"]
[Site "Wellington Chess Club"]
[Date "2017.04.27"]
[Round "1.3.1"]
[White "Brockway, Andrew"]
[Black "Farrington, Lawrence"]
[Result "1/2-1/2"]
[WhiteElo "1877"]
[BlackElo "1855"]

1. e4 e6 2. d4 d5 3. Nd2 Nf6 4. e5 Nfd7 5. Bd3 c5 6. c3 Nc6 7. Ne2 Qb6 8. Nf3
f6 9. exf6 Nxf6 10. O-O Bd6 11. Bc2 Bd7 12. Re1 O-O-O 13. dxc5 Bxc5 14. Ned4
Rhe8 15. Re2 Bd6 16. Nxc6 Qxc6 17. Ne5 Bxe5 18. Rxe5 Re7 19. Qd4 Kb8 20. Bf4
Ka8 21. Bg3 b6 22. a4 Qc8 23. Qf4 Be8 24. Rae1 Bf7 25. Qf3 a6 26. Qe2 Ka7 27.
Bd3 a5 28. Kh1 Nd7 29. Re3 h6 30. Bb5 Nf6 31. Be5 Bh5 32. f3 Bf7 33. Bd4 Qc7
34. Be5 Qb7 35. Qf2 Bg8 36. Qh4 Ne8 37. Bc6 g5 38. Bxb7 gxh4 39. Bc6 Rc8 40.
Bb5 Kb7 41. Kg1 Ng7 42. Bxg7 Rxg7 43. Re5 1/2-1/2

[Event "Autumn Cup"]
[Site "Wellington Chess Club"]
[Date "2017.04.27"]
[Round "1.3.2"]
[White "Aldridge, Alan"]
[Black "Stoeveken, Peter"]
[Result "0-1"]
[WhiteElo "1943"]
[BlackElo "1863"]

1. d4 d5 2. c4 Nf6 3. Nc3 e6 4. Bg5 Be7 5. Nf3 Nbd7 6. e3 O-O 7. Rc1 c6 8. Bd3
Re8 9. O-O Nh5 10. Bxe7 Qxe7 11. Re1 Nhf6 12. e4 dxe4 13. Nxe4 b6 14. Nfg5 h6
15. Nxf6+ Nxf6 16. Ne4 Bb7 17. c5 Nxe4 18. Bxe4 b5 19. Qf3 Rac8 20. b4 Qg5 21.
Rcd1 Red8 22. g3 Qf6 23. Qc3 Rc7 24. Bf3 Bc8 25. Re5 Bb7 26. Qe3 Ra8 27. g4 a5
28. g5 hxg5 29. Rxg5 axb4 30. Kh1 Ra3 0-1

[Event "Autumn Cup"]
[Site "Wellington Chess Club"]
[Date "2017.04.27"]
[Round "1.3.3"]
[White "Barraza, Jesse"]
[Black "Rossiter, Philip"]
[Result "0-1"]
[WhiteElo "1871"]
[BlackElo "1945"]

1. e4 e6 2. d4 d5 3. Nc3 Nf6 4. Bg5 Bb4 5. e5 h6 6. Bd2 Bxc3 7. Bxc3 Ne4 8. Qd3
c5 9. dxc5 Nxc5 10. Qg3 Rg8 11. Bd3 Nxd3+ 12. Qxd3 Nc6 13. O-O-O Bd7 14. f4 Qb6
15. Ne2 O-O-O 16. Bd4 Qa5 17. a3 Nxd4 18. Qxd4 Kb8 19. Nc3 Rc8 20. Rd3 Rc4 21.
Qe3 Rgc8 22. Kb1 b5 23. Rhd1 b4 24. Nxd5 bxa3 25. Rxa3 Qc5 26. Qb3+ Bb5 27. Nc3
Rb4 28. Qa2 Rc7 29. Rd8+ Kb7 30. Rd1 a6 31. Nxb5 Qxc2+ 0-1

[Event "Autumn Cup"]
[Site "Wellington Chess Club"]
[Date "2017.04.27"]
[Round "1.4.1"]
[White "Chen, Wei Kai"]
[Black "Rabina, Romeo"]
[Result "1-0"]
[WhiteElo "1732"]
[BlackElo "1771"]

1. d4 Nf6 2. c4 b6 3. Nf3 Bb7 4. Bf4 e6 5. Nc3 Bb4 6. Qb3 Nc6 7. e3 d5 8. cxd5
Nxd5 9. Bb5 Bxc3+ 10. bxc3 Nxf4 11. exf4 O-O 12. O-O a6 13. Bd3 Qf6 14. Qc2 h6
15. Qd2 Ne7 16. Ne5 Qh4 17. f3 Nf5 18. Be4 Nd6 19. Rae1 Rfd8 20. g3 Qe7 21.
Bxb7 Nxb7 22. Nc6 Qd6 23. Nxd8 Rxd8 24. Qe2 b5 25. Qe5 Qd7 26. f5 exf5 27. Qe7
Qc6 28. Re3 g6 29. Rfe1 Kg7 30. Re6 1-0

[Event "Autumn Cup"]
[Site "Wellington Chess Club"]
[Date "2017.04.27"]
[Round "1.4.2"]
[White "Benitez, Edgar"]
[Black "Winter, Ryan"]
[Result "1-0"]
[WhiteElo "1700"]
[BlackElo "1715"]

1. d4 d5 2. c4 e6 3. Nf3 Nf6 4. Bg5 Be7 5. e3 O-O 6. Nc3 h6 7. Bh4 b6 8. Bxf6
Bxf6 9. cxd5 exd5 10. Bb5 Bb7 11. O-O Qe7 12. Rc1 Rd8 13. Re1 g6 14. Bd3 Bg7
15. Ne2 c5 16. b3 Nd7 17. h4 Nf6 18. Ng3 h5 19. Bb1 Ne4 20. Ne2 Rac8 21. Nf4
cxd4 22. Rxc8 Rxc8 23. Nxd4 Qa3 24. Nd3 Nc3 25. Qd2 Nxb1 26. Rxb1 f6 27. Rc1
Rxc1+ 28. Nxc1 Kh7 29. Qc2 Qd6 30. Nde2 Qc6 31. Qd3 Bc8 32. Ng3 Bh6 33. Qe2 Qe6
34. Qd3 Kg7 35. Qc2 Bb7 36. Qc7+ Qf7 37. Qb8 Ba6 38. Qd6 Bb5 39. a4 Qd7 40. Qb4
Bc6 41. Qc3 Bf4 42. Nce2 Bd6 43. Qc2 Qe8 44. Nc3 Qd7 45. Qd3 Qc7 46. Nge2 Bd7
47. g3 Bf5 { I don't see any value in continuing to try to make sense of the
scoresheets. White won eventually.} 1-0

[Event "Autumn Cup"]
[Site "Wellington Chess Club"]
[Date "2017.04.27"]
[Round "1.5.1"]
[White "Sole, Michael"]
[Black "Thorpe, Richard"]
[Result "1-0"]
[WhiteElo "1586"]
[BlackElo "1630"]

1. e4 e5 2. Nf3 Nc6 3. Bb5 a6 4. Ba4 Nf6 5. O-O b5 6. Bb3 Bc5 7. d3 h6 8. c3
O-O 9. Nbd2 d5 10. exd5 Nxd5 11. Ne4 Bb6 12. Bxh6 f5 13. Bg5 Qd7 14. Ng3 Kh7
15. Re1 Nf6 16. Bxf6 gxf6 17. Ng5+ fxg5 18. Qh5+ Kg7 19. Qxg5+ Kh8 20. Qh6+ 1-0

[Event "Autumn Cup"]
[Site "Wellington Chess Club"]
[Date "2017.04.27"]
[Round "1.5.2"]
[White "Meravanage, Satwik"]
[Black "Wevers, Alexis"]
[Result "0-1"]
[WhiteElo "1524"]
[BlackElo "1641"]

1. e4 d5 2. exd5 Qxd5 3. Nc3 Qd8 4. d4 Nf6 5. Nf3 Bf5 6. Be3 e6 7. Bb5+ c6 8.
Bc4 Bb4 9. O-O Bxc3 10. bxc3 Ne4 11. Qe1 Nd7 12. Bd3 Nd6 13. Bg5 Qa5 14. c4 Qc7
15. Bf4 Bxd3 16. cxd3 c5 17. dxc5 Qxc5 18. d4 Qc6 19. d5 Qa6 20. dxe6 Nf6 21.
exf7+ Kxf7 22. Ng5+ Kg6 23. Qb1+ Nf5 24. Qb5 Qxb5 25. cxb5 Nd4 26. Rfd1 Ne2+
27. Kf1 Nxf4 28. Nf3 Rhe8 29. Rac1 Rad8 30. Rxd8 Rxd8 31. Rc7 Rd1+ 32. Ne1 b6
33. Rxa7 Rb1 34. a4 N6d5 35. Rd7 Nc3 36. Rd6+ Kf5 37. Rxb6 Nxa4 38. Ra6 Nc5 39.
Ra5 Ke4 40. g3 Nfd3 41. Ra7 Rxe1+ 42. Kg2 Ne6 43. Re7 Kd5 44. b6 Kd6 45. Re8
Nef4+ 0-1

[Event "Autumn Cup"]
[Site "Wellington Chess Club"]
[Date "2017.04.27"]
[Round "1.6.1"]
[White "Bennett, Ezra"]
[Black "Van der Anker, Juan"]
[Result "1-0"]
[WhiteElo "1452"]
[BlackElo "1501"]

1. Nf3 d6 2. d4 Bf5 3. e3 g6 4. Bd3 Bd7 5. h3 Bg7 6. c3 Nf6 7. Ng5 e6 8. e4 O-O
9. O-O e5 10. f4 exd4 11. cxd4 Re8 12. Nc3 h6 13. e5 hxg5 14. exf6 Bxf6 15. Nb5
a6 16. fxg5 Bxg5 17. Bxg5 Qxg5 18. Nxc7 Bxh3 19. Qf3 Qe3+ 20. Rf2 Bd7 21. Qxf7+
Kh8 22. Qf6+ 1-0

[Event "Autumn Cup"]
[Site "Wellington Chess Club"]
[Date "2017.04.27"]
[Round "1.7.1"]
[White "Leask, Hamish"]
[Black "Theodosiou, Andreas"]
[Result "1-0"]
[WhiteElo "1300"]
[BlackElo "1392"]

1. e4 e5 2. Nf3 Nc6 3. Bc4 Nf6 4. Ng5 d5 5. exd5 Nxd5 6. Nxf7 Kxf7 7. Qf3+ Ke6
8. Nc3 Ne7 9. d4 Qd6 10. O-O c6 11. dxe5 Qc5 12. Qg4+ Nf5 13. Rd1 Kxe5 14. Nxd5
Nd4 15. Bf4+ Ke4 16. Bd6+ 1-0